TimeOut: 100 best COMEDY movies ever Quiz Stats

 Plays Quiz not verified by Sporcle

Score 0/100 Timer 20:00
0 Plays Today
% Correct
Groundhog Day (1993)
93.4%
Airplane! (1980)
91.8%
Ghostbusters (1984)
91.1%
Dumb & Dumber (1994)
90.7%
Elf (2003)
89.6%
Anchorman: The Legend of Ron Burgundy (2004)
89%
South Park: Bigger, Longer & Uncut (1999)
89%
Borat: Cultural Learnings of America For Make Benefit Glorious Nation of Kazakhstan (2006)
88.1%
Toy Story (1995)
88%
The Blues Brothers (1980)
87.3%
Mrs Doubtfire (1993)
87.3%
Zoolander (2001)
86.8%
Austin Powers: International Man of Mystery (1997)
85.8%
The Mask (1994)
83.3%
Wayne's World (1992)
82.9%
School of Rock (2003)
82.4%
Ace Ventura, Pet Detective (1994)
82.3%
Annie Hall (1977)
82.2%
This Is Spinal Tap (1984)
82.1%
¡Three Amigos! (1986)
82.1%
Bridesmaids (2011)
81.4%
The Big Lebowski (1998)
81.2%
Napoleon Dynamite (2004)
80.9%
Monty Python and the Holy Grail (1975)
80.1%
Coming to America (1988)
80%
Pulp Fiction (1994)
79.3%
When Harry Met Sally… (1989)
79%
Mean Girls (2004)
78.9%
The Naked Gun (1988)
78.7%
GoodFellas (1990)
78.4%
National Lampoon's Animal House (1978)
77.6%
There's Something About Mary (1998)
76.6%
Monty Python's Life of Brian (1979)
76.4%
Clueless (1995)
76.3%
% Correct
Tootsie (1982)
76%
Blazing Saddles (1974)
75.5%
Meet the Parents (2000)
75.5%
Shaun of the Dead (2004)
74.4%
Planes, Trains and Automobiles (1987)
73.8%
Trading Places (1983)
73.3%
Dr Strangelove: Or, How I Learned To Stop Worrying And Love The Bomb (1964)
72.9%
Young Frankenstein (1974)
72.9%
The Cable Guy (1996)
72.6%
Superbad (2007)
68.4%
The Jerk (1979)
68.3%
Some Like It Hot (1959)
67.5%
Team America: World Police (2004)
67.2%
Pee-Wee's Big Adventure (1985)
67.2%
As Good As It Gets (1997)
65.4%
The Graduate (1967)
64.8%
Duck Soup (1933)
64%
Old School (2003)
62.9%
Raising Arizona (1987)
62.5%
Hot Fuzz (2007)
62.1%
The Royal Tenenbaums (2001)
58.7%
The Great Dictator (1940)
57.5%
The Pink Panther (1963)
56.4%
A Fish Called Wanda (1988)
52.8%
Office Space (1999)
49%
The Producers (1967)
48.8%
Slap Shot (1977)
48%
The Odd Couple (1968)
47.9%
Rushmore (1998)
46.6%
The King of Comedy (1982)
46.3%
Broadcast News (1987)
40.1%
It Happened One Night (1934)
39.7%
A Night at the Opera (1935)
39.5%
The Philadelphia Story (1940)
36.8%
% Correct
Harold and Maude (1971)
36.7%
The General (1926)
35.5%
Dirty Rotten Scoundrels (1988)
33.9%
The Gold Rush (1925)
33.4%
Midnight Run (1988)
33.2%
Bananas!* (1971)
30.7%
Best in Show (2000)
29.9%
Arsenic and Old Lace (1944)
29.7%
Kingpin (1996)
28%
His Girl Friday (1940)
27.9%
The Return of the Pink Panther (1975)
27.3%
Withnail & I (1987)
26.4%
Waiting for Guffman (1996)
24.7%
In the Loop (2009)
21.7%
The Man With Two Brains (1983)
21.3%
Safety Last! (1923)
19.5%
Take the Money and Run (1969)
19.2%
Broadway Danny Rose (1984)
17.2%
Four Lions (2010)
16.6%
Love and Death (1975)
15.4%
Sullivan's Travels (1941)
15.3%
Sons of the Desert (1933)
12.8%
Play It Again, Sam (1972)
11.9%
Local Hero (1983)
10.5%
Top Secret! (1984)
10.2%
The Party (1968)
10.1%
Bedazzled (1967)
8.1%
The Castle (1997)
5.7%
Way Out West (1936)
5.1%
Nuts In May (1976)
3.3%
Heaven Can Wait (1943)
2.6%
Mr Hulot's Holiday (1953)
2.4%

You're not logged in!

Compare scores with friends on all Sporcle quizzes.
OR
Log In

Sporcle TV

Today on Sporcle TV


Watch our educational content, quiz creation guides, and fun videos on Sporcle TV.

Show Comments

Extras

Top Quizzes Today


Score Distribution

Your Account Isn't Verified!

In order to create a playlist on Sporcle, you need to verify the email address you used during registration. Go to your Sporcle Settings to finish the process.

Report this User

Report this user for behavior that violates our Community Guidelines.

Details: